|
|
|
|
| LEADER |
00920nam a22002177i 4500 |
| 005 |
20210117210320.0 |
| 008 |
170209s2005 gr ||||f |||| 000 0 gre d |
| 020 |
|
|
|a 9602191716
|
| 040 |
|
|
|a GR-PaULI
|b gre
|c GR-PaULI
|
| 041 |
0 |
|
|a gre
|
| 082 |
0 |
4 |
|2 23
|a 889.14
|
| 100 |
1 |
|
|9 160045
|a Παπαδογεώργη, Πένυ,
|d 1959-
|e συγγραφέας
|
| 245 |
1 |
0 |
|a Ανυπεράσπιστα /
|c Πένυ Παπαδογεώργη.
|
| 260 |
|
|
|a Αθήνα :
|b Καλέντης,
|c 2005.
|
| 300 |
|
|
|a 55 σ. ;
|c 21 εκ.
|
| 490 |
1 |
|
|a Ποίηση / Καλέντης
|
| 830 |
|
0 |
|9 160047
|a Ποίηση (Καλέντης)
|
| 942 |
|
|
|2 ddc
|c BKN
|
| 952 |
|
|
|0 0
|1 0
|2 ddc
|4 0
|6 889_140000000000000_ΠΑΠ
|7 1
|9 209787
|a LISP
|b LISP
|c DON
|d 2017-02-09
|e ΔΙΑ
|i 087840
|l 0
|o 889.14 ΠΑΠ
|p 025000151765
|r 2017-02-09 00:00:00
|t 1
|v 2017.00
|w 2017-02-09
|y BKN
|x Συλλογή Διακογιάννη
|
| 998 |
|
|
|c ΒΑΣΙΛΕΙΟΥ
|d 2017-02
|
| 999 |
|
|
|c 127703
|d 127703
|